[Event "Nezhmetdinov Memorial 35th"]
[Site "Kazan"]
[Date "2013.06.06"]
[Round "7"]
[White "Atalik, Suat"]
[Black "Odnorozhenko, Evgenyi"]
[Result "1-0"]
[WhiteElo "2597"]
[BlackElo "2318"]
[Annotator "Atalik,S"]
[PlyCount "67"]
[EventDate "2013.05.31"]
[EventType "swiss"]
[EventRounds "9"]
[EventCountry "RUS"]
[SourceTitle "CBM 155"]
[Source "ChessBase"]
[SourceDate "2013.07.16"]
[SourceVersion "1"]
[SourceVersionDate "2013.07.16"]
[SourceQuality "1"]

1. d4 Nf6 2. c4 e6 3. Nf3 b6 4. Bf4 $5 {Tony's treatment of the QID. Strangely
enough I have had some experience with it although the game started in another
opening.} Bb7 (4... Bb4+ $5 5. Nc3 (5. Nfd2 c5) 5... Bb7 6. Qb3 c5 $1 {is the
best line against it in my opinion.}) 5. e3 Bb4+ (5... Nc6 6. a3 Ne7 7. Nc3 Ng6
8. Bg3 $13) (5... g6 6. Nc3 Bg7 7. Be2 O-O 8. O-O d6 9. h3 Nbd7 10. Bh2 {
is a transposition to Bf4 System in anti-KID schemes.}) (5... Be7 6. Nc3 O-O 7.
h3 $5 d5 8. cxd5 Nxd5 9. Nxd5 Qxd5 $1 {is what I had against IM Wohl in Biel 
(Open) 2006.} 10. a3 $1 $14) 6. Nfd2 O-O 7. a3 Be7 (7... Bxd2+ 8. Nxd2 d6 9.
Be2 Nbd7 10. O-O $13 {is another typical Bogo or Queen's Indian set up.}) 8.
Nc3 d5 ({I would have given a try to Alex's pawn sac.} 8... d6 9. Qc2 $5 Nbd7
10. Be2 $5 e5 11. Bg3 exd4 12. exd4 Bxg2 13. Rg1 Bb7 14. O-O-O $44) 9. cxd5
exd5 $5 (9... Nxd5 10. Nxd5 exd5 (10... Bxd5 $6 11. Qc2 (11. Rc1 c5 12. dxc5
Bxc5 13. Bc4) 11... c5 12. dxc5 Bxc5 13. Bd3 {and each time White has good
development and is hitting targets.}) (10... Qxd5 $1 11. Bxc7 (11. Qf3 $11)
11... Nd7 (11... Nc6 12. Qb3 Qd7 13. Bg3 e5 14. dxe5 Rfd8 15. Rd1 Na5 16. Qc2
Bc6 17. Nb1 Qb7 18. Nc3 Bxg2 19. Bxg2 Qxg2 20. Ke2 $16) 12. Nf3 Rac8 13. Bg3
Nf6 14. Bd3 Ne4 15. O-O h5 16. h4 Nxg3 17. fxg3 Rc7 $44 {and Black has some
compensation for the sacrificed pawn but possibly not more than that!}) 11. b4
$14) 10. Be2 $1 {Since no Nf3-e5 is in the air,Be2-f3 may be wiser to deal
with potential hanging pawns.} Nbd7 (10... c5 11. dxc5 (11. O-O Nc6 (11... cxd4
12. exd4 Nc6 13. Be3 $14) 12. dxc5 bxc5 13. Rc1 $14) 11... bxc5 12. Bf3 Nc6 (
12... Ba6 13. Nb3) 13. Rc1 $14 {are sister lines.}) 11. O-O (11. b4 c5 12. bxc5
bxc5 13. Rb1 Nb6 $13 {did not impress me at all.}) (11. Nb5 $5 Ne8 $5 {does
not allow the knight's tour.} (11... c5 12. Nd6 Bc6 (12... Bxd6 13. Bxd6 Re8
14. O-O $14) 13. Nf5 $36)) 11... c5 12. Bf3 a6 $146 {A logical move. I had
some experience with GM Beliavsky in such setups back in 2000's.} 13. dxc5 $1 (
13. Rc1 Rc8 14. a4 $5 Re8 $132) (13. Nc4 $5 Re8 14. Nd6 Bxd6 15. Bxd6 Rc8 16.
Bg3 Qe7 $14) 13... Nxc5 $1 {The expected outcome of the opening which brought
about an equal position.} (13... bxc5 $6 14. Nc4) 14. Qc2 $1 {White's minor
pieces are lined up nicely around the isolani but Black has a space advantage.}
b5 $5 (14... Rc8 15. Rfd1 b5 16. Be5 Qb6 {transposes to the game continuation.}
(16... Nfd7 17. Bd4 Ne6 18. Nb3 $13)) 15. Rfd1 {I was reluctant to put this
rook on the semi-open file to make room for Nd2-b1 but things are not simple.}
(15. Rad1 $5 Rc8 (15... Qb6 16. b4 (16. Be5 Rac8 17. Bxf6 Bxf6 18. Nxd5 Bxd5
19. Bxd5 Na4 20. Qf5 g6 21. Qf4 Nxb2 22. Ne4 Bg7 23. Rd2 Nc4 24. Rd3 Nb2 $11)
16... Ne6 17. Be5 Rfd8 18. Nb3 $13) 16. Be5 Nfd7 17. Bg3 Na4 18. Ndb1 Ndb6 19.
Qe2 Bf6 $13 {the position is rich with a lot of possibilities.}) 15... Qb6 16.
Be5 Rac8 $1 {That is my opponent's idea.} 17. Nb3 (17. b4 Qe6 18. Bd4 Na4 19.
Qb3 Nxc3 20. Bxc3 Ne4 21. Bd4 $13) (17. Bxf6 $6 {In principle I did not like
the looks of} Bxf6 18. Bxd5 (18. Nxd5 $6 Bxd5 19. Bxd5 Na4 20. Qb3 Bxb2 21.
Rab1 Rc3 22. Qb4 a5 $17) 18... Bxc3 19. Bxb7 Nxb7 20. bxc3 Nd6 $44) 17... Nce4
18. Bd4 Qe6 19. Qe2 (19. Qd3 $5) 19... Nd7 $6 {While Zhenya contemplated his
move I calculated the sacrifice on the spot. However I am not so sure if I
should ever have played it since Black has a very satisfactory position after.}
(19... Ng5 20. Rac1) 20. Bxg7 $5 (20. Nc1 $5 $13) 20... Kxg7 21. Nd4 Qg6 22.
Nxe4 (22. Bh5 Nxc3 23. bxc3 Qe4 24. f3 Qe5 25. f4 Qc7 26. Nf5+ Kf6 27. Qg4 Rg8
28. Qh3 $44 {and I was not sure about this position at all.}) 22... dxe4 23.
Bh5 Qg5 24. h4 Qe5 25. Qg4+ Kh8 $1 {I also anticipated his reaction and
appreciated it.} (25... Kf6 $6 26. Qxd7 Rc7 27. Qg4 Rc5 28. Rac1 Qxh5 29. Qf4+
Kg6 30. g4 Qxh4 31. Nf5 Rxf5 32. Qxf5+ Kg7 33. Rc7 Ba8 34. Rdd7 Re8 35. b4 h6
36. Kg2 Qf6 37. Ra7 Bc6 38. Qxf6+ Bxf6 39. Rxf7+ Kg6 40. Rfc7 $40) 26. Qxd7 Rc7
27. Qf5 Qxf5 $1 (27... Rc5 28. Qxe5+ Rxe5 29. Rac1 $1 Bxh4 30. Bg4 $16) 28.
Nxf5 Bf6 29. Rd2 $1 (29. Rac1 $2 {is deceptive since} Rxc1 30. Rxc1 Bxb2 31.
Rc7 Bd5 32. Nd6 (32. Nh6 Kg7) 32... f5 $17 {is no good.}) 29... Bc8 30. Nd6
Bxh4 31. Nxe4 (31. g3 Be7 32. Nxe4 Be6 $44) 31... Bb7 $2 {From this moment on
his game was unrecognisable!} (31... Bf5 $142 32. Bf3 $5 (32. Nd6 Be6)) (31...
Be6 32. Rd6 Ra8 33. Rad1 Kg7 34. Bf3 Raa7 35. R1d2 Be7 36. Rb6 Rc8 37. Ng3 $40)
32. Nd6 Bf6 33. Rad1 Bc8 $2 {However this one is a blunder!} 34. Nxf7+ $1 (34.
Bxf7 $5 Bg4 35. f3 Bg5 36. Rd3 $18) (34. Nxf7+ $1 Kg7 (34... Rcxf7 35. Bxf7
Rxf7 36. Rd8+ Bxd8 37. Rxd8+ Kg7 38. Rxc8 $18) 35. Nd6 Bd7 36. Ne4 $18 {
wins easily.}) 1-0

[Event "BIH-chT"]
[Site "Neum"]
[Date "2004.06.06"]
[Round "9.3"]
[White "Atalik, Suat"]
[Black "Savic, Miodrag R"]
[Result "1/2-1/2"]
[WhiteElo "2558"]
[BlackElo "2529"]
[Annotator "Atalik,S"]
[PlyCount "182"]
[EventDate "2004.05.29"]
[EventType "team"]
[EventRounds "9"]
[EventCountry "BIH"]
[SourceTitle "CBM 102"]
[Source "ChessBase"]
[SourceDate "2004.09.23"]
[SourceVersion "1"]
[SourceVersionDate "2004.09.23"]
[SourceQuality "1"]
[WhiteTeam "Sarajevo Bosna"]
[BlackTeam "Sokolac"]
[WhiteTeamCountry "BIH"]
[BlackTeamCountry "BIH"]

1. d4 Nf6 2. c4 e6 3. Nf3 b6 4. a3 {Back to the Petrosian System.} Bb7 5. Nc3
d5 6. cxd5 exd5 {Always nice to see this.} 7. g3 a6 $6 {A bad move.} 8. Bg2 Bd6
9. Nh4 (9. Ne5 Nbd7 10. Nc4 Ne4 11. Nxd6+ cxd6 $132 {seems acceptable for my
opponent.}) 9... g6 10. Bg5 {I was in between two choices.} (10. Bh6 Ng4 11.
Qd2 Nxh6 12. Qxh6 Be7 {Now black threatens to draw with Bg5-f6.} 13. Nf3 (13.
O-O Bg5 14. Qg7 Bf6 $11) 13... Bf8 14. Qe3+ Qe7 15. Qf4 Bg7 $16) 10... Be7 11.
Qa4+ {A typical move in this system.} c6 (11... b5 $6 12. Qc2 $16) (11... Qd7
12. Rc1 O-O 13. Bxf6 b5 14. Qd1 Bxf6 15. Nf3 c5 16. dxc5 d4 17. Nb1 Re8 18. O-O
$16 {and I doubt if black has any compensation.}) 12. Nf3 $1 {Whites Nh4 has
nothing to do there. Now I was ready for Ne5 or Bf6, e4 type of plans.} O-O $2
(12... Nbd7 13. O-O O-O 14. Rac1 Ne4 15. Bh6 (15. Bxe7 Qxe7 16. Nxe4 dxe4 17.
Nd2 e3 $1 (17... c5 18. dxc5 Nxc5 19. Qb4 e3 20. Nc4 Bxg2 21. Kxg2 exf2 22.
Nxb6 Qb7+ 23. Kh3 Rab8 24. Rxc5 Qxb6 25. Qxb6 Rxb6 26. b4 Re6 27. Rxf2 f5 28.
Kg2 Rfe8 29. Ra5 $14) 18. Nc4 exf2+ 19. Rxf2 Rab8 20. Qb3 c5 21. Bxb7 Rxb7 22.
Qf3 Rbb8 23. dxc5 bxc5 $1 (23... Nxc5 24. Qf6 Qe6 25. b4 $14) 24. Qc6 Ne5 25.
Nxe5 Qxe5 26. Rxc5 Qxb2 $11) 15... Nxc3 16. Rxc3 Re8 17. Rd1 $14) 13. Ne5 {
Now white is about to exchange minor pieces in a very effective way keeping
some edge in the center and on the queenside.} Nfd7 14. Bxe7 Qxe7 15. Nxd7 Nxd7
16. O-O Nf6 $2 {The last stage of self-destruction.} (16... f5 17. e3 g5 18.
Rae1 Rae8 19. f3 $14) 17. Qb3 $16 {As one can very easily observe whites
advantage became obvious.} Qd8 (17... Nd7 18. e4 (18. Bh3 $6 f5 19. Na4 Qxe2
20. Nxb6 Nxb6 21. Qxb6 Qb5 $1 22. Qxb5 axb5 $11) 18... dxe4 19. Bxe4 $16) 18.
Na4 Nd7 19. Bh3 f5 20. e4 b5 (20... fxe4 $2 21. Bxd7 Qxd7 22. Nxb6 Qh3 23. Nxa8
Bxa8 24. f3 $18) {A critical point we have reached in the game.} 21. exd5 {
A very practical decision. I wanted to generate some play against Bb7 by
implanting Nc5 at sometime.} (21. exf5 gxf5 22. Nc3 Qf6 23. Qd1 (23. Ne2 Rae8
24. Rae1 c5 25. Bg2 c4 26. Qc3 Qb6 27. Nf4 Nf6 28. f3 a5) 23... Rae8 24. Qd2
Re7 25. Rae1 Rfe8 26. Rxe7 Rxe7 27. Qf4 Nf8 28. Rd1 Rf7 $13 {Difficult to
figure out if white is any better.}) 21... cxd5 22. Nc5 Nxc5 23. dxc5 {White
keeps his edge because of the fact that he will have Bg2 before black will
have time to throw d4 in.} Qf6 24. Bg2 Rad8 25. Rad1 Kg7 {Cheap trick! However
anyway white has different plans than to win d5.} 26. Rfe1 $6 {Not the best.
However it is very difficult to trace the differences in many different lines
in this position.} (26. Bxd5 $2 Rxd5 $1 27. Rxd5 Qc6 28. Rfd1 Rd8 29. Qc3+ Kf7
$19) (26. Qb4 $142 f4 27. Rfe1 Rf7 28. Qd4 $16) (26. f4 Rfe8 27. Rf2 Re7 $132)
26... f4 $1 27. gxf4 Rf7 $1 (27... Qxf4 28. Re7+ (28. Qg3 Qf6 29. Re5 Rde8 30.
Rde1 Rxe5 31. Rxe5 Rf7 32. Qe3 Qh4 $1 $132) 28... Rf7 29. Qc3+ (29. Rxf7+ Qxf7)
29... Qf6 30. Rxf7+ Kxf7 31. Qg3 Re8 (31... Rd7 32. Qh3 $1 $18) 32. Bxd5+ Bxd5
33. Rxd5 Qxb2 34. Kg2 $16) 28. Rd3 $1 (28. Bxd5 $2 Rxd5 29. Rxd5 Qxf4 {And
most likely white has to force a draw.} 30. Qc3+ Kh6 31. Qh3+ $11) 28... d4 {
During the game I was also only considering this move but a pawn snatch is
always welcomed by computers.} (28... Qxf4 29. Rf3 Qd2 (29... Qg4 30. Rxf7+
Kxf7 31. Qg3 Qxg3 32. fxg3 $14) 30. Rxf7+ Kxf7 31. Kf1 $1 $14 (31. Rd1 Qe2 32.
Bf3 Qe5 33. Qb4 (33. Qe3 Qxe3 (33... Qxb2 34. Rd4) 34. fxe3 Ke6 35. b4 Bc6 $11)
)) 29. Bxb7 Rxb7 {I had a long thought around here. A favorable queens
exchange is possible.} 30. Re4 (30. Qe6 Qxf4 31. Qe4 Qxe4 32. Rxe4 Rbd7 33. Re6
Ra7 34. Kg2 $16) 30... Re7 $5 {An obvious move combined with some stupid and
hostile stares, this is how these "pichku materinu" people play chess!} (30...
Qf5 31. Rexd4 (31. Qe6 Qxc5 32. Qe5+ Qxe5 33. fxe5 Rbd7 $11) 31... Rxd4 32.
Rxd4 Qxc5 33. Qe3 Re7 34. Re4 Qxe3 35. Rxe3 Rf7 $14) 31. Rxe7+ Qxe7 32. Qb4 Qe4
33. Qd2 $16 {Once again white is in full command.} h5 34. f3 (34. f5 $2 Qg4+
35. Kf1 Qe4 $11) 34... Qd5 35. b4 Kh7 (35... Kf6 36. Qe1 Kf7 37. Qe4) 36. h4
Qc4 37. Kg2 Qd5 (37... Re8 38. Kf2 Rd8 39. Kg3 {leads to same type of
positions.}) 38. Kg3 Rd7 39. Qe2 Qc4 {Some moves in mutual time trouble and
now white hits.} 40. Qe8 $1 {I have already designed the winning plan based on
f4-f5 pawn trust which will allow my king to escape from perpetual checks.}
Qxd3 (40... Qd5 41. Qe4 Qc4 42. f5 Rg7 43. f6 Rd7 44. Qe8 $18) 41. Qxd7+ Kh6
42. Qd8 Kh7 43. Qe7+ Kh6 44. Qf6 {There are many ways to win but this has the
looks of being the simplest.} (44. Qe5 Kh7 45. f5 gxf5 46. c6 f4+ 47. Kxf4 Qd2+
48. Kg3 $18) (44. Qg5+ Kh7 45. f5 gxf5 (45... Qe2 46. Qxg6+ Kh8 47. Qh6+ Kg8
48. Qe6+ $18) (45... Qd1 46. Qxg6+ Kh8 47. Kf4 Qd3 48. Kg5 Qxf3 49. Qe8+ Kg7
50. Qd7+ Kh8 51. Kf6 $18) 46. Qxh5+ (46. c6 f4+) 46... Kg7 47. Qg5+ Kf7 48. h5
Qb1 49. Qg6+ Ke7 50. Qd6+ Ke8 51. Qe6+ Kf8 52. h6 $18) 44... Kh7 45. f5 gxf5
46. c6 f4+ $1 {The only chance to stay in the fight.} 47. Qxf4 Qg6+ 48. Qg5
Qd6+ (48... Qxg5+ 49. hxg5 h4+ 50. Kf2 h3 51. c7 h2 52. Kg2 $18) 49. Kg2 d3 $6
(49... Qxc6 50. Qxh5+ Kg8 51. Qg4+ Kf8 52. Qf4+ Kg8 53. Qxd4 $18 {transposes
to the game continuation.}) 50. Qxh5+ Kg7 51. Qg4+ Kh6 52. Qd7 $1 $18 {Now the
win is trivial.} Qg6+ 53. Kh3 $6 {Low on time I started to see ghosts.} (53.
Kf2 Qf6 54. Ke3 Qc3 55. Qd6+ Kg7 56. Qc5 Qe1+ 57. Kxd3 Qb1+ 58. Kd4 Qd1+ 59.
Ke4 Qe1+ 60. Kd5 Kf7 61. Qa7+ Kf6 62. Qd4+ $18) 53... Qf6 54. Qxd3 Qe6+ 55. Kg3
Qxc6 56. Qf5 {After my inaccurate move on the 53th I have deprived myself from
my passer, however the current endgame might have occured if the guy would
have forced it earlier.} Qc3 57. h5 Qe1+ 58. Kf4 Qc1+ 59. Ke5 Qc7+ 60. Kd5 Qb7+
61. Kd4 $2 {Incertitude is no good in such cases. I had to be consequent.} (61.
Kd6 Qb6+ 62. Kd7 Qb7+ 63. Kd8 Qb8+ (63... Qb6+ 64. Kc8 Qc6+ 65. Kb8 Qb6+ 66.
Ka8 Qc6+ 67. Ka7 $18) 64. Qc8 Qd6+ 65. Ke8 Qf6 (65... Kxh5 66. Qc5+ $18) 66.
Qg4 Qc6+ 67. Kd8 Qb6+ 68. Kc8 $18) 61... Qb6+ 62. Qc5 {This is still winning
but makes things more difficult since I have broken myself the mating set up
on the queenside.} (62. Kd3 Qd6+ 63. Ke3 Qe7+ 64. Kf4 Qh4+ 65. Ke5 Qe1+ 66. Kd6
$18) 62... Qf6+ 63. Qe5 Qb6+ {Of course f3 is a taboo.} (63... Qxf3 $2 64. Qe3+
Qxe3+ 65. Kxe3 Kxh5 66. Kd4 Kg4 67. Kc5 $18) 64. Kd3 Qd8+ 65. Qd4 Qf8 66. Qd5
$6 {This is a real mistake in the time trouble. Stiff resistance (peh!) by my
opponent made me to get nervous and caught me in time trouble. Actually stiff
resistance should not be the real word, this idiot's strenght in chess is not
to resign.} (66. Qb6+ $1 Kh7 (66... Kxh5 67. Qc5+ $18) 67. Qg6+ Kh8 68. h6 $1 {
Simple and effective.} (68. Ke3 Qc8 69. Kf4 Qc1+ 70. Kg4 Qg1+ 71. Kf5 Qb1+ 72.
Kf6 Qb2+ 73. Kf7 Qb3+ 74. Qe6 Qc4 75. f4 Kh7 76. f5 Qc7+ 77. Kf8 $18) 68...
Qxf3+ 69. Kd4 Qf4+ 70. Kd5 Qf3+ 71. Kc5 Qe3+ 72. Kc6 Qf3+ 73. Kb6 Qe3+ 74. Kb7
Qf3+ 75. Qc6 Qxa3 76. Qf6+ $18) 66... Qf6 67. Ke4 Qe7+ 68. Kd4 Qa7+ 69. Kd3
Qh7+ 70. Kd2 Qb1 71. Qe6+ $2 {Drop in blood sugar level or what?} (71. f4 $5
Qb2+ 72. Kd1 Qb1+ 73. Ke2 Qb2+ 74. Kf3 Qxa3+ 75. Kg4 Qb2 76. Qe6+ Kh7 77. Qg6+
Kh8 78. Qe8+ Kh7 79. Qe4+ Kg8 80. h6 Qf6 81. h7+ Kh8 82. Qe5 $18) (71. Ke2 $142
$1 {Remember about connected squares Suat?} Qh1 72. Qf5 $18) 71... Kxh5 72.
Qxa6 Qb2+ (72... Qa2+ 73. Ke3 Qb3+ 74. Kd4 Qc4+ 75. Ke5 $18) 73. Ke3 $4 {
Fingerfehler combined with poor knowledge in geometry results in stupidity.} (
73. Kd3 Qb3+ 74. Kd4 Qc4+ 75. Ke5 Kh4 76. f4 $18 {should still win.}) 73...
Qe5+ 74. Kd3 Qd5+ 75. Ke2 Qe5+ 76. Kf1 Qd5 $1 $11 (76... Qa1+ 77. Kg2 Qg7+ 78.
Kh3 Qd7+ $11 {is a draw too. I was sitting there like a frozen pizza and
expecting that I would run away from perpetual someway. What a moron I have
become in chess!}) 77. Qa7 {At least I have succeed to see a stalemating trick.
} (77. Qf6 Qd3+ 78. Kg2 Qf1+ $1 $11) 77... Qxf3+ 78. Ke1 Qc3+ 79. Ke2 Qc4+ 80.
Ke3 Qe6+ 81. Kd3 Qc4+ 82. Kd2 Qd5+ 83. Ke2 Qc4+ 84. Kf3 Qg4+ 85. Kf2 {Another
miracle that I did not blunder my queen!} ({Probably after} 85. Ke3 $4 Qg1+ $19
{this guy would claim that he had a deserving victory.}) 85... Qf4+ 86. Ke2
Qc4+ 87. Ke3 Qe6+ 88. Kf4 Qf6+ 89. Ke4 Qe6+ 90. Kd4 Qd6+ 91. Kc3 Qg3+ 1/2-1/2